Hydraulics in civil and environmental engineering / (Record no. 1575)

000 -LEADER
fixed length control field 00518 a2200169 4500
020 ## - INTERNATIONAL STANDARD BOOK NUMBER
International Standard Book Number 0415306086 (hbk.)
020 ## - INTERNATIONAL STANDARD BOOK NUMBER
International Standard Book Number 0415306094
082 ## - DEWEY DECIMAL CLASSIFICATION NUMBER
Classification number 627 CHA
082 04 - DEWEY DECIMAL CLASSIFICATION NUMBER
Classification number 627
Author Mark CHA
100 ## - MAIN ENTRY--PERSONAL NAME
Personal name Chadwick, A. J.
245 ## - TITLE STATEMENT
Title Hydraulics in civil and environmental engineering /
Statement of responsibility, etc. Andrew Chadwick, John Morfett, Martin Borthwick.
250 ## - EDITION STATEMENT
Edition statement 4th ed.
260 ## - PUBLICATION, DISTRIBUTION, ETC.
Place of publication, distribution, etc. London :
Name of publisher, distributor, etc. Spon Press,
Date of publication, distribution, etc. 2004.
300 ## - PHYSICAL DESCRIPTION
Extent xxx, 644 p. :
Other physical details ill. ;
Dimensions 24 cm.
650 ## - SUBJECT ADDED ENTRY--TOPICAL TERM
Topical term or geographic name entry element Hydraulic engineering.
650 ## - SUBJECT ADDED ENTRY--TOPICAL TERM
Topical term or geographic name entry element Environmental engineering.
650 ## - SUBJECT ADDED ENTRY--TOPICAL TERM
Topical term or geographic name entry element Civil engineering.
Holdings
Withdrawn status Lost status Damaged status Not for loan Permanent Location Current Location Shelving location Total Checkouts Full call number Barcode Date last seen Price effective from Koha item type
        Central Library (CL) Central Library (CL)     627 CHA NIT-1044 01/05/2017 01/05/2017 Book
© 2023 Central Library, National University of Sciences and Technology. All Rights Reserved.